| 000 | 00525nam a2200217Ia 4500 | ||
|---|---|---|---|
| 005 | 20250425162740.0 | ||
| 008 | 250425s9999 xx 000 0 und d | ||
| 020 | _a0671223321 | ||
| 041 | _aeng | ||
| 082 | _a791 | ||
| 100 | _aTHOMAS, BOB | ||
| 245 | 0 | _aWALT DISNEY AN AMERICAN ORIGINAL | |
| 250 | _aS.E. | ||
| 260 |
_aEstados Unidos _bSIMON AND SCHUSTER _c1976 |
||
| 260 | _aNEW YORK | ||
| 300 | _a379 | ||
| 650 | _aCENTRO DE ENTRETENIMIENTO | ||
| 710 | _aSIMON AND SCHUSTER | ||
| 942 | _c01 | ||
| 010 | _a104709 | ||
| 999 |
_c235657 _d235657 |
||